|
|
|
|
| LEADER |
01367nam a2200325 a 4500 |
| 001 |
GR-MES13299 |
| 008 |
071003s gr 000 0 gre d |
| 020 |
|
|
|a 1402040628
|
| 040 |
|
|
|a GrPaTEI
|b gre
|c GR-PaULI
|
| 040 |
|
|
|a GrPaTEI
|b gre
|c GR-PaULI
|
| 082 |
|
0 |
|a 363.8
|2 21
|
| 245 |
0 |
0 |
|a Sustainable protein production and consuption :
|b Pigs or peas? ; Edited by: Harry Aiking, Joop de Boer and Johan Vereijken.
|
| 260 |
|
|
|a Dordrecht :
|b Springer,
|c c2006
|
| 300 |
|
|
|a xvi, 226σ. :
|b εικ., χάρτες ;
|c 25εκ.
|
| 490 |
0 |
|
|a Environment & policy. v.45
|
| 650 |
|
0 |
|a Agricultural innovations
|
| 650 |
|
0 |
|a Sustainable agriculture
|
| 650 |
|
4 |
|a Αειφόρος γεωργία
|
| 650 |
|
4 |
|a Γεωργία
|x Κοινωνικές απόψεις
|
| 650 |
|
4 |
|a ΓΕΩΡΓΙΚΗ ΑΝΑΠΤΥΞΗ
|
| 653 |
|
|
|a Agriculture--Environmental aspects
|
| 653 |
|
|
|a Agriculture--Social aspects
|
| 653 |
|
|
|a Γεωργία--Περιβαντολογικές απόψεις
|
| 700 |
1 |
|
|a Aiking, Harry
|
| 700 |
1 |
|
|a Boer, Joop de
|
| 700 |
1 |
|
|a Vereijken, Johan
|
| 942 |
|
|
|2 ddc
|
| 952 |
|
|
|0 0
|1 0
|2 ddc
|4 0
|6 363_800000000000000_SUS
|7 0
|9 271808
|a MSLG
|b MSLG
|c BSC
|d 2021-01-17
|e 24
|f 0
|g 0.00
|l 0
|o 363.8 SUS
|p 2420000022375
|r 2021-01-17 00:00:00
|t 1
|w 2021-01-17
|y BK15
|x 20071003 0 ΤΣΑΝΤΑΡΛΙΩΤΗ 1
|x GrPaTEI
|
| 971 |
|
|
|a .b25793470
|b 15-04-20
|c 13-09-16
|
| 999 |
|
|
|c 157078
|d 157078
|